Blue - print committee on the development on linguistic studies in Indian universities (Record no. 283139)

MARC details
000 -LEADER
fixed length control field 00620nam a2200217Ia 4500
003 - CONTROL NUMBER IDENTIFIER
control field OSt
005 - DATE AND TIME OF LATEST TRANSACTION
control field 20220918225024.0
008 - FIXED-LENGTH DATA ELEMENTS--GENERAL INFORMATION
fixed length control field 220917b |||||||| |||| 00| 0 eng d
037 ## - SOURCE OF ACQUISITION
Terms of availability Textual
040 ## - CATALOGING SOURCE
Original cataloging agency ARTS
Transcribing agency ARTS
Language of cataloging eng
041 ## - LANGUAGE CODE
Source of code eng
Language code of text/sound track or separate title eng
245 #0 - TITLE STATEMENT
Title Blue - print committee on the development on linguistic studies in Indian universities
Remainder of title Report
260 ## - PUBLICATION, DISTRIBUTION, ETC.
Place of publication, distribution, etc. Poona
Name of publisher, distributor, etc. Linguistic Society of India India
Date of publication, distribution, etc. 1959
300 ## - PHYSICAL DESCRIPTION
Extent 83p.
Dimensions cm.
942 ## - ADDED ENTRY ELEMENTS (KOHA)
Classification part P0oT4r, J9
Koha item type Textual
Source of classification or shelving scheme Colon Classification (CC)
Holdings
Withdrawn status Lost status Damaged status Not for loan Home library Current library Date acquired Total Checkouts Full call number Barcode Date last seen Price effective from Koha item type
        Arts Library Arts Library 2022-09-18   P0oT4r J9 AL0387803 2022-09-18 2022-09-18 Textual
Copyright @ Delhi University Library System